How to Increase & Release the Anointing (Record no. 6704)
[ view plain ]
| 000 -LEADER | |
|---|---|
| fixed length control field | 00872cam a2200301Ii 4500 |
| 001 - CONTROL NUMBER | |
| control field | 493675 |
| 003 - CONTROL NUMBER IDENTIFIER | |
| control field | OSt |
| 005 - DATE AND TIME OF LATEST TRANSACTION | |
| control field | 20190830171353.0 |
| 008 - FIXED-LENGTH DATA ELEMENTS--GENERAL INFORMATION | |
| fixed length control field | 960814t19951995fluaf 000 0 eng d |
| 020 ## - INTERNATIONAL STANDARD BOOK NUMBER | |
| International Standard Book Number | 1884662048 |
| 035 ## - SYSTEM CONTROL NUMBER | |
| System control number | (OCoLC)ocm35238036 |
| 035 ## - SYSTEM CONTROL NUMBER | |
| System control number | 493675 |
| 040 ## - CATALOGING SOURCE | |
| Original cataloging agency | VCB |
| Language of cataloging | eng |
| Description conventions | rda |
| Transcribing agency | VCB |
| Modifying agency | PTS |
| 049 ## - LOCAL HOLDINGS (OCLC) | |
| Holding library | PTSS |
| 082 ## - DEWEY DECIMAL CLASSIFICATION NUMBER | |
| Classification number | 231.3 |
| Item number | H853H |
| 090 ## - LOCALLY ASSIGNED LC-TYPE CALL NUMBER (OCLC); LOCAL CALL NUMBER (RLIN) | |
| Classification number (OCLC) (R) ; Classification number, CALL (RLIN) (NR) | BT121.2 |
| Local cutter number (OCLC) ; Book number/undivided call number, CALL (RLIN) | .H682 1995 |
| 100 1# - MAIN ENTRY--PERSONAL NAME | |
| Personal name | Howard-Browne, Rodney M. |
| 245 10 - TITLE STATEMENT | |
| Title | How to Increase & Release the Anointing |
| Statement of responsibility, etc. | Rodney M. Howard-Browne. |
| 264 #1 - PRODUCTION, PUBLICATION, DISTRIBUTION, MANUFACTURE, AND COPYRIGHT NOTICE | |
| Place of production, publication, distribution, manufacture | Tampa, Fla. : |
| Name of producer, publisher, distributor, manufacturer | RMI Publications, |
| Date of production, publication, distribution, manufacture, or copyright notice | [1995] |
| 264 #4 - PRODUCTION, PUBLICATION, DISTRIBUTION, MANUFACTURE, AND COPYRIGHT NOTICE | |
| Date of production, publication, distribution, manufacture, or copyright notice | �1995 |
| 300 ## - PHYSICAL DESCRIPTION | |
| Extent | iv, 59 pages, 4 unnumbered pages of plates : |
| Other physical details | illustrations ; |
| Dimensions | 22 cm |
| 336 ## - CONTENT TYPE | |
| Content type term | text |
| Content type code | txt |
| Source | rdacontent |
| 337 ## - MEDIA TYPE | |
| Media type term | unmediated |
| Media type code | n |
| Source | rdamedia |
| 338 ## - CARRIER TYPE | |
| Carrier type term | volume |
| Carrier type code | nc |
| Source | rdacarrier |
| 650 #0 - SUBJECT ADDED ENTRY--TOPICAL TERM | |
| Topical term or geographic name entry element | Holy Spirit. |
| 942 ## - ADDED ENTRY ELEMENTS (KOHA) | |
| Source of classification or shelving scheme | Dewey Decimal Classification |
| Koha item type | Books |
| 945 ## - LOCAL PROCESSING INFORMATION (OCLC) | |
| a | MARCIVE20181205 |
| Withdrawn status | Lost status | Source of classification or shelving scheme | Damaged status | Not for loan | Collection code | Home library | Current library | Shelving location | Date acquired | Cost, normal purchase price | Total Checkouts | Full call number | Barcode | Date last seen | Price effective from | Koha item type |
|---|---|---|---|---|---|---|---|---|---|---|---|---|---|---|---|---|
| Dewey Decimal Classification | Non-fiction | Harvest Mission College | Harvest Mission College | General Stacks | 19.01.2019 | 350.00 | 231.3 H853H | 007674 | 19.01.2019 | 19.01.2019 | Books |
